Taylor Swift - Paroles I Almost Do - Statistiques

Statistiques générales
  • Ce quiz a été pris 21 fois
  • Le résultat moyen est 224 sur 281
Statistiques - réponses
Hint Réponse % Correct
a
100%
almost
100%
do
100%
don't
100%
ever
100%
every
100%
Couplet 1 | Couplet 2 | Outro I
100%
time
100%
And
92%
call
92%
in
92%
In
92%
me
92%
me,
92%
you
92%
You
92%
everything
83%
hope
83%
It
83%
just
83%
know
83%
no
83%
not
83%
Bridge Oh,
83%
takes
83%
tell
83%
that
83%
That
83%
to
83%
Uh
83%
uh
83%
wanna
83%
'Cause
75%
could
75%
we
75%
wish
75%
another
67%
bet
67%
'bout
67%
goodbye
67%
"Hello"
67%
night
67%
occurred
67%
of
67%
out
67%
risk
67%
say
67%
Sometimes
67%
still
67%
the
67%
This
67%
this
67%
up
67%
with
67%
wonder
67%
your
67%
you're
67%
You're
67%
again
58%
babe
58%
by
58%
can't
58%
chair
58%
dreams
58%
each
58%
from
58%
hard
58%
hate
58%
long
58%
mess,
58%
my
58%
never
58%
on
58%
reach
58%
reply
58%
run
58%
sittin'
58%
there's
58%
think
58%
touching
58%
try
58%
way
58%
week
58%
window
58%
asking
50%
better
50%
city
50%
either
50%
face
50%
if
50%
It's
50%
Looking
50%
made
50%
or
50%
probably
50%
quite
50%
tired
50%
at
42%
confess,
42%
moved
42%
off
42%
Aucun quiz correspondant
Distribution des résultats
% des personnes avec chaque résultat
Percentile par nombre de réponses
Votre historique - résultats
Vous n’avez pas pris ce quiz